000
00289nam a22001337a 4500
008
180313b xxu||||| |||| 00| 0 eng d
020
_a
9780321168184
041
_a
eng
080
_2
2nd
_a
336
100
_a
56
101
_a
FIN
245
_a
Personal Finance
_c
Madura,J
942
_2
udc
_c
BK
999
_c
44873
_d
44873